000 00836nam a2200217Ii 4500
003 JO-AjNU
008 230605s9999||||xx |||||||||||||| ||und||
017 _a1988/4321
040 _aJO-AjNU
_bara
_erda
_cJO-AjNU
041 _aara
050 1 4 _aK1739.T8764.1988
100 3 _a الطورة، عبد القادر ,
_eauthor
_946850
245 0 0 _aقواعد التحكيم فى منازعات العمل الجماعية " دراسة مقارنة "
250 _a(د،ط)
264 3 1 _aد ، م : عبد القادر الطورة ، 1988
300 _a538ص
336 _atext
_btxt
_2rdacontent
337 _aunmediated
_bn
_2rdamedia
338 _avolume
_bnc
_2rdacarrier
650 4 _aالتحكيم -- العمل والعمال -- قوانين وتشريعات -- مصر - فرنسا - الاردن - بريطانيا
_946851
999 _aA20411
_c23979
_d23979